| Tag |
First Indicator |
Second Indicator |
Subfields |
| LEADER |
00000cam a2200000 a 4500 |
| 001 |
in00001590521 |
| 005 |
20210517143536.0 |
| 006 |
m d f |
| 007 |
cr an||||||||| |
| 008 |
001005s2000 dcu sb f000 0 eng c |
| 035 |
|
|
|a (OCoLC)ocm45124641
|
| 037 |
|
|
|a 575825
|b GAO (202) 512-6000 (voice); (202) 512-6061 (Fax)
|f paper copy
|
| 042 |
|
|
|a pcc
|
| 043 |
|
|
|a n-us---
|
| 040 |
|
|
|a GPO
|b eng
|c GPO
|d MvI
|
| 049 |
|
|
|a WWW
|
| 074 |
|
|
|a 0546-D (online)
|
| 086 |
0 |
|
|a GA 1.13:GGD-00-11
|
| 088 |
|
|
|a B-283788
|
| 088 |
|
|
|a GAO/GGD-00-11
|
| 110 |
1 |
|
|a United States.
|b General Accounting Office.
|
| 245 |
1 |
0 |
|a Tax administration :
|b IRS is working to improve its estimates of compliance burden : letter report.
|
| 246 |
3 |
0 |
|a IRS is working to improve its estimates of compliance burden
|
| 264 |
|
1 |
|a Washington, D.C. (P.O. Box 37050, Washington 20013) :
|b The Office,
|c [2000]
|
| 336 |
|
|
|a text
|b txt
|2 rdacontent
|
| 337 |
|
|
|a computer
|b c
|2 rdamedia
|
| 338 |
|
|
|a online resource
|b cr
|2 rdacarrier
|
| 500 |
|
|
|a "5/22/2000."
|
| 500 |
|
|
|a "B-283788."
|
| 500 |
|
|
|a "GAO/GGD-00-11."
|
| 500 |
|
|
|a Description based on text version.
|
| 500 |
|
|
|a Paper version for sale by the General Accounting Office.
|
| 500 |
|
|
|a Title from title screen.
|
| 504 |
|
|
|a Includes bibliographical references.
|
| 538 |
|
|
|a Mode of access: Internet from the GPO Access website. Addresses as of 1/29/01: http://frwebgate.access.gpo.gov/cgi-bin/useftp.cgi?IPaddress=162.140.64.21&filename=gg00011.txt&directory=/diskb/wais/data/gao (text version), http://frwebgate.access.gpo.gov/cgi-bin/useftp.cgi?IPaddress=162.140.64.21&filename=gg00011.pdf&directory=/diskb/wais/data/gao (PDF version); current access is available via PURLs.
|
| 538 |
|
|
|a System requirements: Adobe Acrobat reader required to access PDF version.
|
| 610 |
1 |
0 |
|a United States.
|b Internal Revenue Service.
|
| 650 |
|
0 |
|a Tax administration and procedure
|z United States
|x Evaluation.
|
| 650 |
|
0 |
|a Taxation
|x Compliance costs
|z United States.
|
| 856 |
4 |
0 |
|3 PDF version:
|u https://purl.fdlp.gov/GPO/LPS8644
|t 0
|
| 856 |
4 |
0 |
|3 Text version:
|u https://purl.fdlp.gov/GPO/LPS6126
|t 0
|
| 856 |
4 |
0 |
|3 Text version:
|u https://purl.fdlp.gov/GPO/LPS6126
|t 0
|
| 856 |
4 |
0 |
|3 PDF version:
|u https://purl.fdlp.gov/GPO/LPS8644
|t 0
|
| 999 |
f |
f |
|s f1609b1d-bb39-331f-b221-ff3689b322ff
|i f0514f8d-3e83-332f-8d2a-dbe378cdf5c0
|t 0
|
| 952 |
f |
f |
|a Texas A&M University
|b College Station
|c Electronic Resources
|d Available Online
|t 0
|e GA 1.13:GGD-00-11
|h Superintendent of Documents classification
|
| 998 |
f |
f |
|a GA 1.13:GGD-00-11
|t 0
|l Available Online
|